Nazwy miejscowości na Litwie po polsku - Statystyki

Ogólne statystyki
  • Ten quiz został rozwiązany 33 razy
  • Średni wynik to 11 z 45
Odpowiedzi na mapie
Odpowiedzi zakodowano w zielono-czerwonej skali na mapie do tego quizu, zgodnie z poniższymi procentami.
 
Statystyki odpowiedzi
Nazwa Polski odpowiednik % Poprawnych
Vilnius Wilno
96%
Klaipėda Kłajpeda
92%
Kaunas Kowno
92%
Marijampolė Mariampol
85%
Panevėžys Poniewież
81%
Trakai Troki
69%
Šiauliai Szawle
65%
Alytus Olita
54%
Tauragė Taurogi
54%
Utena Uciana
50%
Druskininkai Druskieniki
46%
Palanga Połąga
46%
Biržai Birże
35%
Jonava Janów
31%
Kėdainiai Kiejdany
27%
Lazdijai Łoździeje
23%
Šalčininkai Soleczniki
23%
Nemenčinė Niemenczyn
19%
Švenčionys Święciany
19%
Ukmergė Wiłkomierz
15%
Kernavė Kiernów
12%
Medininkai Miedniki
12%
Zarasai Jeziorosy
8%
Šilutė Szyłokarczma
8%
Visaginas Wisaginia
8%
Birštonas Birsztany
4%
Buivydžiai Bujwidze
4%
Juodšiliai Czarny Bór
4%
Grigiškės Grzegorzewo
4%
Lentvaris Landwarów
4%
Varėna Orany
4%
Plungė Płungiany
4%
Pabradė Podbrodzie
4%
Paberžė Podbrzezie
4%
Riešė Rzesza
4%
Varniai Wornie
4%
Balingradas Balingródek
0%
Dotnuva Datnów
0%
Dubingiai Dubinki
0%
Adutiškis Haduciszki
0%
Jurbarkas Jurbork
0%
Rietavas Retów
0%
Šiluva Szydłów
0%
Tauragnai Tauroginie
0%
Zalavas Zułów
0%
Nie znaleziono quizów pasujących do podanych kryteriów
Rozkład punktacji
Procent ludzi z każdym wynikiem
Percentyl według liczby udzielonych odpowiedzi
Twoja historia wyników
Nie rozwiązałeś tego quizu